00720nam a2200229 a 4500001001300000003000900013005001700022008004100039020002300080082001900103100002100122245008000143260002500223300000900248500003500257650002300292700002100315902000800336942000700344952012200351999001700473nice12345678IN_TiNIC20260116015403.0150305s2010 dela grp 000 0 eng  a9788184650747c24000a305.50954bMIC aSvd, S M Michael aDalits` Encounter With Christianityb A Case Study of Mahars in Maharashtra aDelhi bISPCK c2010 a230  aincludes index and biblioraphy aCaste Christianity1 aSvd, S M Michael bSRS cBK 001040708StackRoom-aHMIbHMId2005-01-01g240.00l0o305.50954 MICp11002848r2005-01-01v240.00w2015-03-05yBK c19489d19489